<?xml version="1.0" encoding="UTF-8"?>
<record
    xmlns:xsi="http://www.w3.org/2001/XMLSchema-instance"
    xsi:schemaLocation="http://www.loc.gov/MARC21/slim http://www.loc.gov/standards/marcxml/schema/MARC21slim.xsd"
    xmlns="http://www.loc.gov/MARC21/slim">

  <leader>00569nam a22001697a 4500</leader>
  <datafield tag="082" ind1=" " ind2=" ">
    <subfield code="a">891.439109</subfield>
    <subfield code="b">ALI</subfield>
  </datafield>
  <datafield tag="100" ind1=" " ind2=" ">
    <subfield code="a"> Abid Ali, Mian</subfield>
  </datafield>
  <datafield tag="245" ind1=" " ind2=" ">
    <subfield code="a">Khudi Ki Talash\</subfield>
  </datafield>
  <datafield tag="260" ind1=" " ind2=" ">
    <subfield code="a">Lahore;</subfield>
    <subfield code="b">Ilm-o-irfan,</subfield>
    <subfield code="c">2021. </subfield>
  </datafield>
  <datafield tag="300" ind1=" " ind2=" ">
    <subfield code="a">152p. ;</subfield>
    <subfield code="c">25cm. </subfield>
  </datafield>
  <datafield tag="563" ind1=" " ind2=" ">
    <subfield code="a">HB</subfield>
  </datafield>
  <datafield tag="650" ind1=" " ind2=" ">
    <subfield code="a">a Personality development ,  Religious aspects,  Islam.</subfield>
    <subfield code="9">129440</subfield>
  </datafield>
  <datafield tag="880" ind1=" " ind2=" ">
    <subfield code="6">100-01\(3\r</subfield>
    <subfield code="a">  &#x639;&#x644;&#x6CC;, &#x645;&#x6CC;&#x627;&#x6BA; &#x639;&#x627;&#x628;&#x62F;</subfield>
  </datafield>
  <datafield tag="880" ind1=" " ind2=" ">
    <subfield code="6">245-02\(3\r</subfield>
    <subfield code="a">&#x62E;&#x648;&#x62F;&#x6CC; &#x6A9;&#x6CC; &#x62A;&#x644;&#x627;&#x634;\</subfield>
    <subfield code="b">&#x645;&#x6CC;&#x627;&#x6BA; &#x639;&#x627;&#x628;&#x62F; &#x639;&#x644;&#x6CC;</subfield>
  </datafield>
  <datafield tag="880" ind1=" " ind2=" ">
    <subfield code="6">260-03\(3\r</subfield>
    <subfield code="a">&#x644;&#x627;&#x6C1;&#x648;&#x631;;</subfield>
    <subfield code="b">&#x639;&#x644;&#x645; &#x648; &#x639;&#x631;&#x641;&#x627;&#x646;,</subfield>
    <subfield code="c">2021</subfield>
  </datafield>
  <datafield tag="942" ind1=" " ind2=" ">
    <subfield code="2">ddc</subfield>
    <subfield code="c">BK</subfield>
  </datafield>
  <datafield tag="999" ind1=" " ind2=" ">
    <subfield code="c">614124</subfield>
    <subfield code="d">614124</subfield>
  </datafield>
  <datafield tag="952" ind1=" " ind2=" ">
    <subfield code="0">0</subfield>
    <subfield code="1">0</subfield>
    <subfield code="2">ddc</subfield>
    <subfield code="4">0</subfield>
    <subfield code="6">891_439109000000000_ALI</subfield>
    <subfield code="7">0</subfield>
    <subfield code="9">641364</subfield>
    <subfield code="a">CL</subfield>
    <subfield code="b">CL</subfield>
    <subfield code="d">2025-07-08</subfield>
    <subfield code="l">0</subfield>
    <subfield code="o">891.439109 ALI</subfield>
    <subfield code="p">CL-D-2916</subfield>
    <subfield code="r">2025-07-08</subfield>
    <subfield code="w">2025-07-08</subfield>
    <subfield code="y">BK</subfield>
  </datafield>
</record>
